[Event "ITA-chT 34th sf-B"]
[Site "Treviso"]
[Date "2002.05.18"]
[Round "1"]
[White "Menoni, Vincenzo"]
[Black "Sciortino, Massimo"]
[Result "1-0"]
[WhiteElo "2228"]
[BlackElo "2204"]
[PlyCount "63"]
[EventDate "2002.05.18"]
[EventType "team"]
[EventRounds "1"]
[EventCountry "ITA"]
[SourceTitle "EXT 2003"]
[Source "ChessBase"]
[SourceDate "2002.11.25"]
[SourceVersion "1"]
[SourceVersionDate "2002.11.25"]
[SourceQuality "1"]
[WhiteTeam "Reggio Emilia"]
[BlackTeam "Montecatini"]
[WhiteTeamCountry "ITA"]
[BlackTeamCountry "ITA"]

1. e4 e5 2. Bc4 Nf6 3. d3 c6 4. Nf3 d5 5. Bb3 Bb4+ 6. Bd2 Bxd2+ 7. Nbxd2 Bg4 8. h3 Bxf3 9. Qxf3 a5 10. a3 0-0 11. g4 dxe4 12. dxe4 Qe7 13. g5 Nfd7 14. h4 Nc5 15. Ba2 Ne6 16. 0-0-0 Nd4 17. Qe3 Nd7 18. h5 Kh8 19. g6 h6 20. gxf7 Ne6 21. Nf3 Rfd8 22. Rxd7 Qxd7 23. Nxe5 Qc8 24. Rg1 Kh7 25. Qg3 g5 26. hxg6+ Kg7 27. Nd3 Ng5 28. Qe5+ Kxg6 29. Nf4+ Kh7 30. Nh5 Kg6 31. f4 Kxh5 32. fxg5 1-0

[Event "Bratto op 20th"]
[Site "Bratto"]
[Date "2000.??.??"]
[Round "7"]
[White "Berni, Fabrizio"]
[Black "Menoni, Vincenzo"]
[Result "0-1"]
[WhiteElo "2090"]
[BlackElo "2240"]
[PlyCount "60"]
[EventDate "2000.08.25"]
[EventType "swiss"]
[EventRounds "9"]
[EventCountry "ITA"]
[SourceTitle "CBM 077 Extra"]
[Source "ChessBase"]
[SourceDate "2000.09.14"]
[SourceVersion "1"]
[SourceVersionDate "2000.09.14"]
[SourceQuality "1"]

1. e4 e6 2. d4 d5 3. Nd2 Nf6 4. e5 Nfd7 5. Bd3 c5 6. c3 Nc6 7. Ne2 cxd4 8. cxd4 f6 9. exf6 Nxf6 10. Nf3 Bd6 11. 0-0 Qc7 12. Nc3 a6 13. Bg5 0-0 14. Bh4 Nh5 15. Bg3 Nxg3 16. hxg3 g6 17. Rc1 Qg7 18. Bb1 Bd7 19. Re1 g5 20. Qd3 g4 21. Ne5 Nxe5 22. dxe5 Bc5 23. Rc2 Ba7 24. Nd1 Bb5 25. Qd2 Rf7 26. b3 Raf8 27. Qc1 Bc6 28. a4 h5 29. Ree2 a5 30. Kh2 Bd4 0-1

[Event "Bratto op 20th"]
[Site "Bratto"]
[Date "2000.??.??"]
[Round "9"]
[White "Caruso, Daniele"]
[Black "Menoni, Vincenzo"]
[Result "0-1"]
[WhiteElo "2117"]
[BlackElo "2240"]
[PlyCount "74"]
[EventDate "2000.08.25"]
[EventType "swiss"]
[EventRounds "9"]
[EventCountry "ITA"]
[SourceTitle "EXT 2002"]
[Source "ChessBase"]
[SourceDate "2001.11.25"]
[SourceVersion "1"]
[SourceVersionDate "2001.11.25"]
[SourceQuality "1"]

1. e4 e6 2. d4 d5 3. Nd2 Nf6 4. e5 Nfd7 5. Bd3 c5 6. c3 Nc6 7. Ne2 cxd4 8. cxd4 f6 9. exf6 Nxf6 10. 0-0 Bd6 11. Nf3 Qc7 12. Bg5 0-0 13. Bh4 Nh5 14. Qc2 h6 15. Bh7+ Kh8 16. Bg6 Rxf3 17. gxf3 Bxh2+ 18. Kg2 Nf4+ 19. Nxf4 Qxf4 20. Bg3 Bxg3 21. fxg3 Qxd4 22. Be8 Nb4 23. Qf2 Qf6 24. Rfd1 e5 25. a3 Nc6 26. Bxc6 bxc6 27. b4 Be6 28. Rac1 d4 29. Kg1 Bd5 30. f4 Rf8 31. Rd2 Qg6 32. Kf1 Rf7 33. Ke1 Qg4 34. b5 exf4 35. Rxd4 fxg3 36. Rxg4 gxf2+ 37. Kf1 cxb5 0-1

[Event "Montecatini Terme op"]
[Site "Montecatini Terme"]
[Date "2000.??.??"]
[Round "2"]
[White "Dervishi, Erald"]
[Black "Menoni, Vincenzo"]
[Result "1-0"]
[WhiteElo "2478"]
[BlackElo "2240"]
[PlyCount "115"]
[EventDate "2000.07.??"]
[EventType "swiss"]
[EventRounds "9"]
[EventCountry "ITA"]
[SourceTitle "EXT 2001"]
[Source "ChessBase"]
[SourceDate "2000.11.22"]
[SourceVersion "1"]
[SourceVersionDate "2000.11.22"]
[SourceQuality "1"]

1. e4 e6 2. d4 d5 3. Nd2 Nf6 4. e5 Nfd7 5. Bd3 c5 6. c3 Nc6 7. Ne2 cxd4 8. cxd4 f6 9. exf6 Nxf6 10. Nf3 Bd6 11. 0-0 Qc7 12. Bg5 0-0 13. Rc1 Bd7 14. Ng3 Bf4 15. Bxf4 Qxf4 16. Re1 a6 17. Bb1 Rac8 18. Rc3 g6 19. Qc1 Qxc1 20. Rexc1 Ng4 21. h3 Nh6 22. Ne2 Nf7 23. a3 Nd6 24. Bd3 b5 25. Nd2 Na5 26. Rc7 Bc6 27. Rxc8 Rxc8 28. b3 Bd7 29. Rxc8+ Bxc8 30. f4 Kg7 31. Kf2 Nc6 32. g4 Bd7 33. Ke3 a5 34. Nf3 a4 35. bxa4 bxa4 36. Ne5 Be8 37. Kd2 Na5 38. Kc3 Nb3 39. Kb4 Kf6 40. h4 h5 41. g5+ Kg7 42. Nf3 Bd7 43. Nc3 Nc1 44. Bc2 Be8 45. Nxa4 Na2+ 46. Kb3 Nc1+ 47. Kb2 Ne2 48. Nc5 Nxf4 49. a4 Kf7 50. Kc3 Ke7 51. a5 Nb5+ 52. Kd2 Na7 53. Nd3 Ng2 54. Nde5 Nf4 55. Ke3 Ng2+ 56. Kf2 Nf4 57. Bd1 Nc6 58. Kg3 1-0

[Event "Bratto op 20th"]
[Site "Bratto"]
[Date "2000.??.??"]
[Round "6"]
[White "Menoni, Vincenzo"]
[Black "Drabke, Lorenz Maximilian"]
[Result "0-1"]
[WhiteElo "2240"]
[BlackElo "2144"]
[PlyCount "84"]
[EventDate "2000.08.25"]
[EventType "swiss"]
[EventRounds "9"]
[EventCountry "ITA"]
[SourceTitle "CBM 077 Extra"]
[Source "ChessBase"]
[SourceDate "2000.09.14"]
[SourceVersion "1"]
[SourceVersionDate "2000.09.14"]
[SourceQuality "1"]

1. e4 c5 2. Nc3 Nc6 3. Nge2 e6 4. g3 Nd4 5. Bg2 Ne7 6. 0-0 d6 7. Nxd4 cxd4 8. Ne2 e5 9. d3 g6 10. c3 dxc3 11. bxc3 Bg7 12. d4 0-0 13. Ba3 Nc6 14. dxe5 Nxe5 15. Bxd6 Re8 16. Bxe5 Bxe5 17. h3 Be6 18. Qc2 Rc8 19. f4 Bxc3 20. Nxc3 Qd4+ 21. Qf2 Qxf2+ 22. Rxf2 Rxc3 23. g4 b5 24. Rd2 b4 25. Rb1 a5 26. Rbb2 Rb8 27. Bf1 Rc1 28. Rbc2 Rxc2 29. Rxc2 a4 30. f5 b3 31. axb3 Bxb3 32. Rc1 a3 33. Ra1 a2 34. Kf2 Rd8 35. Be2 Rd2 36. Ke3 Rb2 37. Bd3 Rh2 38. Be2 Rxh3+ 39. Kd2 Rh2 40. Ke3 f6 41. Bd3 Kg7 42. Be2 Kh6 0-1

[Event "Montecatini Terme op"]
[Site "Montecatini Terme"]
[Date "2000.??.??"]
[Round "3"]
[White "Menoni, Vincenzo"]
[Black "Mariano, Elia"]
[Result "1-0"]
[WhiteElo "2240"]
[BlackElo "2093"]
[PlyCount "59"]
[EventDate "2000.07.??"]
[EventType "swiss"]
[EventRounds "9"]
[EventCountry "ITA"]
[SourceTitle "EXT 2001"]
[Source "ChessBase"]
[SourceDate "2000.11.22"]
[SourceVersion "1"]
[SourceVersionDate "2000.11.22"]
[SourceQuality "1"]

1. e4 c6 2. d4 d5 3. e5 Bf5 4. Nf3 e6 5. Be2 c5 6. Be3 Qb6 7. Nc3 Nc6 8. 0-0 Qxb2 9. Nb5 0-0-0 10. dxc5 Qxc2 11. Qe1 Qe4 12. Ng5 Qxe5 13. Nxf7 Qf6 14. Nxd8 Qxd8 15. Nd4 Nge7 16. Qc3 Nxd4 17. Bxd4 Nc6 18. Rac1 Qc7 19. f4 Rg8 20. Bb5 g5 21. Bxc6 Qxc6 22. fxg5 Rxg5 23. Rf2 Rg8 24. Qa5 a6 25. Rb2 Be4 26. g3 Bd6 27. Rb6 Qc7 28. c6 Bxg3 29. cxb7+ Kb8 30. Rxc7 1-0

[Event "Bratto op 20th"]
[Site "Bratto"]
[Date "2000.??.??"]
[Round "1"]
[White "Solinas, Carlo"]
[Black "Menoni, Vincenzo"]
[Result "0-1"]
[WhiteElo "2058"]
[BlackElo "2240"]
[PlyCount "132"]
[EventDate "2000.08.25"]
[EventType "swiss"]
[EventRounds "9"]
[EventCountry "ITA"]
[SourceTitle "CBM 077 Extra"]
[Source "ChessBase"]
[SourceDate "2000.09.14"]
[SourceVersion "1"]
[SourceVersionDate "2000.09.14"]
[SourceQuality "1"]

1. e4 e6 2. d4 d5 3. Nc3 Bb4 4. e5 c5 5. a3 Bxc3+ 6. bxc3 Ne7 7. h4 Nbc6 8. h5 h6 9. Qg4 Qa5 10. Bd2 Bd7 11. Qxg7 0-0-0 12. Qf6 cxd4 13. Bd3 dxc3 14. Bxh6 Nxe5 15. Qxe5 Rxh6 16. Ne2 Rdh8 17. g4 Nc6 18. Qxc3 Qxc3+ 19. Nxc3 Ne5 20. Be2 Rg8 21. g5 Rhh8 22. 0-0-0 Bc6 23. Rh3 Nd7 24. f4 Nb6 25. Rg1 d4 26. Nb5 Bxb5 27. Bxb5 a6 28. Bd3 Nd5 29. Rh4 Ne7 30. h6 Kc7 31. Kd2 Kd6 32. f5 exf5 33. Rxd4+ Kc7 34. Rc4+ Kd6 35. Rh4 f6 36. Rd4+ Kc7 37. Bc4 Rxg5 38. Re1 Nc6 39. Rh4 Ne5 40. Kc3 Rg4 41. Rxg4 fxg4 42. Rh1 Nxc4 43. Kxc4 Kd6 44. Kd4 Ke6 45. Ke4 g3 46. Kf3 Kf5 47. Kxg3 Kg6 48. c4 Rxh6 49. Rb1 Rh7 50. Kg4 f5+ 51. Kf4 Rh4+ 52. Ke5 Rxc4 53. Rb6+ Kg5 54. Rxb7 Re4+ 55. Kd5 Ra4 56. Rg7+ Kf4 57. Rg1 Rxa3 58. Rf1+ Ke3 59. Re1+ Kf2 60. Rb1 f4 61. Ke4 f3 62. Rb2+ Kg1 63. Rb6 f2 64. Rg6+ Kf1 65. Kf4 Ke1 66. Re6+ Kd1 0-1

[Event "Bratto op 18th"]
[Site "Bratto"]
[Date "1998.??.??"]
[Round "?"]
[White "Drazic, Sinisa"]
[Black "Menoni, Vincenzo"]
[Result "1-0"]
[WhiteElo "2515"]
[BlackElo "2285"]
[PlyCount "101"]
[EventDate "1998.??.??"]
[EventType "swiss"]
[EventRounds "9"]
[EventCountry "ITA"]
[SourceTitle "EXT 2000"]
[Source "ChessBase"]
[SourceDate "1999.11.16"]
[SourceVersion "1"]
[SourceVersionDate "1999.11.16"]
[SourceQuality "1"]

1. d4 Nf6 2. Nf3 g6 3. g3 Bg7 4. Bg2 0-0 5. 0-0 d6 6. Nc3 Nbd7 7. e4 e5 8. Re1 c6 9. a4 Qc7 10. h3 Re8 11. Be3 b6 12. Qd2 Bb7 13. g4 a6 14. Rad1 Rad8 15. d5 c5 16. Rb1 Rc8 17. b3 Rb8 18. Bg5 Bc8 19. Bf1 h5 20. Nh2 hxg4 21. hxg4 Nf8 22. Be2 N8h7 23. Be3 Nd7 24. g5 Qd8 25. Kh1 Bf8 26. Rg1 Be7 27. Rg3 Kg7 28. Rbg1 Rh8 29. Qe1 Nhf8 30. Qf1 Ra8 31. Rh3 Nh7 32. Qg2 Ndf8 33. Rh6 Rg8 34. Rh4 Bd7 35. Nf1 Bc8 36. Qg3 Rh8 37. Rg2 Rg8 38. Kg1 f6 39. gxf6+ Bxf6 40. Rh1 Kf7 41. Bh6 Ke7 42. Ne3 Kd7 43. Ng4 Kc7 44. Nxf6 Qxf6 45. f4 Bd7 46. Rf2 Qe7 47. Kg2 Kb7 48. Rhf1 g5 49. fxe5 Qxe5 50. Qxe5 dxe5 51. Rf7 1-0

[Event "Bratto op 18th"]
[Site "Bratto"]
[Date "1998.??.??"]
[Round "?"]
[White "Menoni, Vincenzo"]
[Black "Eynard, Valdo"]
[Result "1-0"]
[WhiteElo "2285"]
[BlackElo "2085"]
[PlyCount "51"]
[EventDate "1998.??.??"]
[EventType "swiss"]
[EventRounds "9"]
[EventCountry "ITA"]
[SourceTitle "EXT 2000"]
[Source "ChessBase"]
[SourceDate "1999.11.16"]
[SourceVersion "1"]
[SourceVersionDate "1999.11.16"]
[SourceQuality "1"]

1. e4 c6 2. d4 d5 3. e5 Bf5 4. Nf3 e6 5. Be2 c5 6. Be3 Nd7 7. 0-0 Qb6 8. Nc3 c4 9. Rb1 Qc6 10. Nh4 Bg6 11. b3 Nb6 12. Nxg6 hxg6 13. a4 a6 14. a5 cxb3 15. axb6 Qxc3 16. Rxb3 Qc6 17. Qa1 Rc8 18. Rc1 Qd7 19. c4 Ne7 20. cxd5 Nxd5 21. Rxc8+ Qxc8 22. Bxa6 bxa6 23. b7 Qb8 24. Qa4+ Kd8 25. Bd2 Bb4 26. Bxb4 1-0

[Event "Bratto op 18th"]
[Site "Bratto"]
[Date "1998.??.??"]
[Round "?"]
[White "Menoni, Vincenzo"]
[Black "Marchini, Massimo"]
[Result "1-0"]
[WhiteElo "2285"]
[BlackElo "2195"]
[PlyCount "55"]
[EventDate "1998.??.??"]
[EventType "swiss"]
[EventRounds "9"]
[EventCountry "ITA"]
[SourceTitle "EXT 2002"]
[Source "ChessBase"]
[SourceDate "2001.11.25"]
[SourceVersion "1"]
[SourceVersionDate "2001.11.25"]
[SourceQuality "1"]

1. e4 c5 2. Nf3 Nc6 3. d4 cxd4 4. Nxd4 Qb6 5. Nb3 e6 6. Nc3 Nf6 7. Be3 Qc7 8. a3 d6 9. f4 a6 10. Bd3 b5 11. 0-0 Bb7 12. Qf3 h5 13. h3 0-0-0 14. Qf2 Nd7 15. a4 b4 16. Nb5 Qb8 17. N5d4 Nxd4 18. Bxd4 Qc7 19. Qe2 a5 20. Ba6 Nc5 21. Bxc5 dxc5 22. Bxb7+ Kxb7 23. Qb5+ Ka8 24. Nxa5 Rd6 25. Nc4 Rd8 26. Ne5 Rc8 27. Rfd1 c4 28. Qa6+ 1-0

[Event "Bratto op 17th"]
[Site "Bratto"]
[Date "1997.??.??"]
[Round "8"]
[White "Godena, Michele"]
[Black "Menoni, Vincenzo"]
[Result "1-0"]
[WhiteElo "2545"]
[BlackElo "2275"]
[PlyCount "165"]
[EventDate "1997.??.??"]
[EventType "swiss"]
[EventRounds "9"]
[EventCountry "ITA"]
[SourceTitle "EXT 2002"]
[Source "ChessBase"]
[SourceDate "2001.11.25"]
[SourceVersion "1"]
[SourceVersionDate "2001.11.25"]
[SourceQuality "1"]

1. e4 e6 2. d4 d5 3. Nd2 Nf6 4. e5 Nfd7 5. Bd3 c5 6. c3 Nc6 7. Ne2 cxd4 8. cxd4 f6 9. exf6 Nxf6 10. Nf3 Bd6 11. 0-0 Qc7 12. Bg5 0-0 13. Bh4 e5 14. dxe5 Nxe5 15. Nxe5 Bxe5 16. Bg3 Bxg3 17. Nxg3 Qb6 18. Qd2 Bd7 19. Bc2 Rad8 20. Rfd1 Kh8 21. Qd4 Qxd4 22. Rxd4 Bc6 23. Rad1 Rfe8 24. Nf5 Re2 25. R4d2 Rxd2 26. Rxd2 Re8 27. Rd1 g6 28. Nd4 Bd7 29. f3 Kg7 30. Kf2 Rc8 31. Bb3 Rc5 32. h4 Kf7 33. Re1 a5 34. a3 a4 35. Ba2 Ne8 36. Ne2 Nc7 37. Nc3 Bc6 38. Rd1 Ke6 39. Rd4 Nb5 40. Nxb5 Rxb5 41. Rd2 Rc5 42. Bb1 Rc1 43. Re2+ Kf6 44. Re1 Rc4 45. g3 Rc5 46. g4 Rb5 47. g5+ Kg7 48. Re2 Rb3 49. Rd2 d4 50. Bd3 Bb5 51. Be4 Bc6 52. Bd3 Bb5 53. Be4 Bc6 54. Bxc6 bxc6 55. Rxd4 Rxb2+ 56. Kg3 Rb3 57. Rxa4 c5 58. Ra7+ Kg8 59. Ra8+ Kg7 60. Ra7+ Kg8 61. Kf4 c4 62. Ke4 c3 63. Kd3 c2+ 64. Kxc2 Rxf3 65. a4 Rh3 66. a5 Rxh4 67. a6 Ra4 68. Kb3 Ra1 69. Kb4 Rb1+ 70. Kc5 Rc1+ 71. Kb6 Rb1+ 72. Kc7 Rc1+ 73. Kb8 Ra1 74. Ra8 Kg7 75. Kb7 h6 76. Rd8 hxg5 77. a7 Kf6 78. Rd6+ Kg7 79. Ra6 Rb1+ 80. Rb6 Ra1 81. Ra6 Rb1+ 82. Kc6 Rc1+ 83. Kd5 1-0

[Event "Bratto op 17th"]
[Site "Bratto"]
[Date "1997.??.??"]
[Round "4"]
[White "Moncelli, Giorgio"]
[Black "Menoni, Vincenzo"]
[Result "1/2-1/2"]
[WhiteElo "2195"]
[BlackElo "2275"]
[PlyCount "81"]
[EventDate "1997.??.??"]
[EventType "swiss"]
[EventRounds "9"]
[EventCountry "ITA"]
[SourceTitle "EXT 2000"]
[Source "ChessBase"]
[SourceDate "1999.11.16"]
[SourceVersion "1"]
[SourceVersionDate "1999.11.16"]
[SourceQuality "1"]

1. e4 e6 2. d4 d5 3. Nd2 Nf6 4. e5 Nfd7 5. Bd3 c5 6. c3 Nc6 7. Ne2 cxd4 8. cxd4 f6 9. exf6 Nxf6 10. 0-0 Bd6 11. Nf3 Qc7 12. Nc3 a6 13. Bg5 0-0 14. Bh4 Nh5 15. Bg3 Nxg3 16. hxg3 g6 17. Be2 Qg7 18. Na4 Bd7 19. Rc1 Rae8 20. Nc5 Bxc5 21. Rxc5 Rc8 22. Rc3 g5 23. Re1 Qf6 24. Bd3 Kh8 25. Bb1 Rfe8 26. Qd2 Rg8 27. Ne5 Rg7 28. Rf3 Qe7 29. a3 Kg8 30. g4 Nxe5 31. Rxe5 Rf8 32. Rxf8+ Kxf8 33. Qe3 Qf6 34. g3 h6 35. Kg2 Rf7 36. Bc2 Kg7 37. Bd1 Kf8 38. Qd2 Kg7 39. Re1 Bb5 40. Qe3 Bd7 41. Be2 1/2-1/2

[Event "Bratto op 16th"]
[Site "Bratto"]
[Date "1996.??.??"]
[Round "6"]
[White "Magalotti, Andrea"]
[Black "Menoni, Vincenzo"]
[Result "1/2-1/2"]
[WhiteElo "2085"]
[BlackElo "2245"]
[PlyCount "102"]
[EventDate "1996.??.??"]
[EventType "swiss"]
[EventRounds "9"]
[EventCountry "ITA"]
[SourceTitle "EXT 2000"]
[Source "ChessBase"]
[SourceDate "1999.11.16"]
[SourceVersion "1"]
[SourceVersionDate "1999.11.16"]
[SourceQuality "1"]

1. e4 e6 2. d4 d5 3. Nd2 Nf6 4. e5 Nfd7 5. Bd3 c5 6. c3 Nc6 7. Ne2 cxd4 8. cxd4 f6 9. exf6 Nxf6 10. 0-0 Bd6 11. Nf3 Qc7 12. Bg5 0-0 13. Bh4 e5 14. dxe5 Nxe5 15. Nxe5 Bxe5 16. Bg3 Bxg3 17. hxg3 Qb6 18. Qb3 Bd7 19. Nf4 Qxb3 20. axb3 a6 21. Rfd1 Bc6 22. Bf5 Rfd8 23. Rd4 Rd6 24. Re1 g6 25. Bd3 Re8 26. Rxe8+ Bxe8 27. b4 Bf7 28. f3 Ne8 29. g4 Nc7 30. g5 Rc6 31. Ne2 Rd6 32. Nf4 Rc6 33. Kf2 Kf8 34. Ne2 Kg7 35. Nc3 Rd6 36. f4 Ne6 37. Rxd5 Rxd5 38. Nxd5 Nxg5 39. Nb6 Ne6 40. Ke3 Nd8 41. Kd4 Be8 42. g3 Bc6 43. Ke5 h5 44. Kd6 g5 45. Ke7 gxf4 46. gxf4 Nf7 47. Bf1 Nh6 48. Bh3 Kg6 49. Nd7 Ng4 50. Nf8+ Kf5 51. Ne6 Bd5 1/2-1/2

[Event "Bratto op 16th"]
[Site "Bratto"]
[Date "1996.??.??"]
[Round "7"]
[White "Menoni, Vincenzo"]
[Black "Rossi, Giampiero"]
[Result "1/2-1/2"]
[WhiteElo "2245"]
[BlackElo "2130"]
[PlyCount "61"]
[EventDate "1996.??.??"]
[EventType "swiss"]
[EventRounds "9"]
[EventCountry "ITA"]
[SourceTitle "EXT 2000"]
[Source "ChessBase"]
[SourceDate "1999.11.16"]
[SourceVersion "1"]
[SourceVersionDate "1999.11.16"]
[SourceQuality "1"]

1. e4 c5 2. Nc3 e6 3. g3 d6 4. Bg2 Nc6 5. d3 g6 6. Be3 Bg7 7. Qd2 Nge7 8. Bh6 0-0 9. h4 Bxh6 10. Qxh6 f6 11. Nge2 e5 12. Qd2 Be6 13. h5 g5 14. f4 h6 15. Nd5 Kg7 16. c3 Ng8 17. Ne3 Qe7 18. Bh3 Rad8 19. Bf5 Qd7 20. 0-0-0 Nge7 21. fxg5 fxg5 22. g4 Bxf5 23. gxf5 Ng8 24. Ng4 Nf6 25. Rhg1 Nxg4 26. Rxg4 Qf7 27. Rdg1 Ne7 28. Kb1 Kh7 29. Qe3 b6 30. c4 Rg8 31. Rh1 1/2-1/2

[Event "Cannes Martinez op"]
[Site "Cannes"]
[Date "1995.??.??"]
[Round "3"]
[White "Lebel Arias, Julia"]
[Black "Menoni, Vincenzo"]
[Result "1-0"]
[WhiteElo "2055"]
[BlackElo "2250"]
[PlyCount "51"]
[EventDate "1995.07.??"]
[EventType "swiss"]
[EventRounds "9"]
[EventCountry "FRA"]
[SourceTitle "EXT 1998"]
[Source "ChessBase"]
[SourceDate "1997.11.17"]
[SourceVersion "1"]
[SourceVersionDate "1997.11.17"]
[SourceQuality "1"]

1. Nf3 Nf6 2. b4 g6 3. Bb2 Bg7 4. c4 0-0 5. g3 c6 6. a4 d6 7. Bg2 Be6 8. Na3 Qb6 9. Rb1 Bf5 10. Bd4 Qc7 11. d3 e5 12. Bc3 e4 13. Nh4 d5 14. Nxf5 gxf5 15. dxe4 fxe4 16. e3 Nbd7 17. 0-0 a6 18. Rc1 Qd6 19. cxd5 cxd5 20. Nc2 Rac8 21. Nd4 Ne5 22. Nf5 Qe6 23. Bh3 Nfd7 24. Kg2 Rxc3 25. Rxc3 Bh8 26. Rc7 1-0

[Event "Cannes Martinez op"]
[Site "Cannes"]
[Date "1995.??.??"]
[Round "6"]
[White "Menoni, Vincenzo"]
[Black "Chevallier, Cedric"]
[Result "1-0"]
[WhiteElo "2250"]
[BlackElo "1690"]
[PlyCount "43"]
[EventDate "1995.07.??"]
[EventType "swiss"]
[EventRounds "9"]
[EventCountry "FRA"]
[SourceTitle "EXT 1998"]
[Source "ChessBase"]
[SourceDate "1997.11.17"]
[SourceVersion "1"]
[SourceVersionDate "1997.11.17"]
[SourceQuality "1"]

1. e4 e5 2. f4 exf4 3. Nf3 d6 4. d4 g5 5. h4 g4 6. Ng1 Bh6 7. Nc3 c6 8. Nge2 Qf6 9. g3 f3 10. Nf4 Ne7 11. e5 dxe5 12. Ne4 Qg7 13. Nh5 Qf8 14. dxe5 Nd5 15. Nd6+ Kd7 16. c4 Bxc1 17. cxd5 Be3 18. dxc6+ Nxc6 19. Nf6+ Kd8 20. Bb5 Nd4 21. a3 Qe7 22. Nd5 1-0

[Event "Cannes Martinez op"]
[Site "Cannes"]
[Date "1995.??.??"]
[Round "7"]
[White "Menoni, Vincenzo"]
[Black "Prie, Eric"]
[Result "0-1"]
[WhiteElo "2250"]
[BlackElo "2480"]
[PlyCount "56"]
[EventDate "1995.07.??"]
[EventType "swiss"]
[EventRounds "9"]
[EventCountry "FRA"]
[SourceTitle "EXT 1998"]
[Source "ChessBase"]
[SourceDate "1997.11.17"]
[SourceVersion "1"]
[SourceVersionDate "1997.11.17"]
[SourceQuality "1"]

1. e4 d5 2. exd5 Qxd5 3. Nc3 Qa5 4. d4 c6 5. Nf3 Bf5 6. Ne5 Nf6 7. g4 Be6 8. Bg2 Nbd7 9. Nxd7 Bxd7 10. g5 Nd5 11. Bd2 Nxc3 12. bxc3 Be6 13. Qb1 0-0-0 14. Qb2 Bc4 15. Rb1 Qa6 16. a4 e5 17. Be3 Bd6 18. h4 Rhe8 19. Kd2 Bc7 20. Rhe1 Ba5 21. Bh3+ Kb8 22. d5 cxd5 23. Bg2 Rd7 24. Kc1 Rc7 25. f4 f6 26. Bd4 Qd6 27. fxe5 fxe5 28. Be3 e4 0-1

[Event "Bratto op 15th"]
[Site "Bratto"]
[Date "1995.??.??"]
[Round "?"]
[White "Menoni, Vincenzo"]
[Black "Rosino, Antonio"]
[Result "1-0"]
[WhiteElo "2250"]
[BlackElo "2320"]
[PlyCount "79"]
[EventDate "1995.??.??"]
[EventType "swiss"]
[EventRounds "9"]
[EventCountry "ITA"]
[SourceTitle "EXT 2001"]
[Source "ChessBase"]
[SourceDate "2000.11.22"]
[SourceVersion "1"]
[SourceVersionDate "2000.11.22"]
[SourceQuality "1"]

1. e4 e5 2. f4 Qh4+ 3. g3 Qe7 4. Nc3 exf4 5. d4 fxg3 6. Bf4 d5 7. hxg3 Nf6 8. e5 c6 9. Qd3 Ne4 10. Nxe4 dxe4 11. Qe2 Bf5 12. 0-0-0 Qe6 13. d5 cxd5 14. Qb5+ Nc6 15. Qxb7 Rb8 16. Qa6 Rb6 17. Qa4 Bc5 18. Nh3 0-0 19. Ng5 Qe7 20. Rxd5 Nb4 21. Rd2 h6 22. Rdh2 Rg6 23. a3 Na2+ 24. Kb1 Nc3+ 25. bxc3 Rb8+ 26. Ka1 Qb7 27. Qb3 Rb6 28. Bc4 Rxb3 29. cxb3 Be6 30. Nxe6 fxe6 31. Bxh6 Re8 32. Bg5 Kf7 33. Rh7 Be7 34. Bh6 Rg8 35. Be3 Kg6 36. Bxe6 Qa6 37. Bxg8 Qd3 38. Bd4 Bg5 39. e6 Bf6 40. e7 1-0